Practical statistics in experimental design / (Record no. 3010)

MARC details
000 -LEADER
fixed length control field 01004nac a22002891i 4500
003 - CONTROL NUMBER IDENTIFIER
control field EG-ScBUE
005 - DATE AND TIME OF LATEST TRANSACTION
control field 20260512092932.0
008 - FIXED-LENGTH DATA ELEMENTS--GENERAL INFORMATION
fixed length control field 090706t1959 txua f 001 0 eng d
035 ## - SYSTEM CONTROL NUMBER
System control number (OCoLC)2162179
040 ## - CATALOGING SOURCE
Original cataloging agency EG-ScBUE
Language of cataloging eng
Description conventions rda
Transcribing agency EG-ScBUE
Modifying agency EG-ScBUE
082 04 - DEWEY DECIMAL CLASSIFICATION NUMBER
Classification number 501.8
Item number WOR
Edition number 22
100 1# - MAIN ENTRY--PERSONAL NAME
Personal name Wortham, A. W.,
Relator term author.
9 (RLIN) 7653
245 10 - TITLE STATEMENT
Title Practical statistics in experimental design /
Statement of responsibility, etc A. W. Wortham, T. E. Smith.
246 34 - VARYING FORM OF TITLE
Title proper/short title Practical statistics in experimental design, methods, applications
264 #1 - PUBLICATION, DISTRIBUTION, ETC. (IMPRINT)
Place of publication, distribution, etc Dallas :
Name of publisher, distributor, etc Dallas Publishing House,
Date of publication, distribution, etc [1959]
264 #4 - PUBLICATION, DISTRIBUTION, ETC. (IMPRINT)
Date of publication, distribution, etc c1959
300 ## - PHYSICAL DESCRIPTION
Extent 128 pages :
Other physical details illustrations ;
Dimensions 23 cm
336 ## - CONTENT TYPE
Source rdacontent
Content type term text
Content type code txt
337 ## - MEDIA TYPE
Media type term unmediated
Source rdamedia
Media type code n
338 ## - CARRIER TYPE
Carrier type term volume
Carrier type code nc
Source rdacarrier
500 ## - GENERAL NOTE
General note Includes index.<br/>
650 #7 - SUBJECT ADDED ENTRY--TOPICAL TERM
Topical term or geographic name as entry element Experimental design.
Source of heading or term BUEsh
9 (RLIN) 7654
655 ## - INDEX TERM--GENRE/FORM
Form subdivision Reading book
700 1# - ADDED ENTRY--PERSONAL NAME
Personal name Smith, Thomas Eugene,
Dates associated with a name 1908-
Relator term author.
9 (RLIN) 7655
942 ## - ADDED ENTRY ELEMENTS (KOHA)
Koha item type Book - Borrowing
Source of classification or shelving scheme Dewey Decimal Classification
Holdings
Withdrawn status Lost status Damaged status Not for loan Home library Current library Shelving location Date acquired Source of acquisition Total Checkouts Full call number Barcode Date last seen Price effective from Koha item type
        Central Library Central Library First floor 07/03/2015 Purchase   501.8 WOR 000001085 15/07/2025 15/03/2007 Book - Borrowing